书目信息 |
| 题名: |
动力系统
|
|
| 作者: | 科兹洛夫 著 | |
| 分册: | Ⅹ 旋涡的一般理论 | |
| 出版信息: | 北京 科学出版社 2009.01 |
|
| 页数: | 184页 | |
| 开本: | 26cm | |
| 丛书名: | 国外数学名著系列(续一) | |
| 单 册: | ||
| 中图分类: | O175 | |
| 科图分类: | ||
| 主题词: | 动力系统 (数学)--dong li xi tong(shu xue)--英文 | |
| 电子资源: | ||
| ISBN: | 978-7-03-023497-1 | |
| 000 | 01030nam 2200301 450 | |
| 001 | 012009609015 | |
| 005 | 20090918134757.26 | |
| 010 | @a978-7-03-023497-1@b精装@dCNY50.00 | |
| 100 | @a20090918d2009 em y0chiy0120 ea | |
| 101 | 0 | @aeng |
| 102 | @aCN@b110000 | |
| 105 | @aa a 001yy | |
| 106 | @ar | |
| 200 | 1 | @a动力系统@Adong li xi tong@hⅩ@i旋涡的一般理论@fV.V.Kozlov |
| 205 | @a影印版 | |
| 210 | @a北京@c科学出版社@d2009.01 | |
| 215 | @a184页@c图@d26cm | |
| 225 | 2 | @a国外数学名著系列(续一)@Aguo wai shu xue ming zhu xi lie(xu yi)@v54 |
| 314 | @a责任者规范汉译姓 : 科兹洛夫 | |
| 320 | @a有书目 (第178-180页) 和索引 | |
| 330 | @a本书包含了数学博览会的类比关系经典力学,几何光学,和流体力学。 | |
| 410 | 0 | @12001 @a国外数学名著系列(续一) |
| 517 | 1 | @a旋涡的一般理论@Axuan wo de yi ban li lun |
| 606 | 0 | @a动力系统 (数学)@Adong li xi tong(shu xue)@x英文 |
| 690 | @aO175@v4 | |
| 701 | 1 | @a科兹洛夫@Ake zi luo fu@g(Kozlov, V.V.)@4著 |
| 801 | 0 | @aCN@bQSSK@c20090918 |
| 905 | @b755619@dO175@eK583:10@f1 | |
| 动力系统.Ⅹ.旋涡的一般理论/V.V.Kozlov.-影印版.-北京:科学出版社,2009.01 |
| 184页:图;26cm.-(国外数学名著系列(续一);54) |
| ISBN 978-7-03-023497-1(精装):CNY50.00 |
| 本书包含了数学博览会的类比关系经典力学,几何光学,和流体力学。 |
| ● |
| 相关链接 |
|
|
|
正题名:动力系统
索取号:O175/K583:10
 
预约/预借
| 序号 | 登录号 | 条形码 | 馆藏地/架位号 | 状态 | 备注 |
| 1 | 755619 | 207556198 | 自科库401/401自科库 45排2列1层/ [索取号:O175/K583:10] | 在馆 |